Estatísticas para As 15 maiores cidades de Portugal

Clique aqui para jogar o quiz

Estatísticas Gerais

  • Esse quiz foi jogado 112 vezes
  • A pontuação média é 8 de 15

Estatísticas das Respostas

PopulaçãoCidade% Correto
547 000Lisboa
100%
237 000Porto
99%
181 000Braga
78%
302 000 Vila Nova de Gaia
64%
158 000Guimarães
58%
175 000Amadora
55%
377 000Sintra
47%
174 000Almada
44%
206 000Cascais
42%
175 500Matosinhos
33%
172 000Oeiras
31%
205 000 Loures
30%
158 300Seixal
27%
168 000Gondomar
24%
144 500Odivelas
23%

Distribuição das Pontuações

Percentil de Números Respondidos

Porcentagem de Pessoas com Cada Pontuação

Sua Pontuação Histórica

Você não jogou esse quiz